[Event "FIN-ch"]
[Site "Helsinki"]
[Date "1992.??.??"]
[Round "5"]
[White "Rantanen, Yrjo A"]
[Black "Valkesalmi, Kimmo"]
[Result "1/2-1/2"]
[WhiteElo "2410"]
[BlackElo "2385"]

1.d4 Nf6 2.c4 e6 3.Nf3 Bb4+ 4.Nbd2 O-O 5.Qc2 d5 6.a3 Be7 7.e3 Nbd7 8.b3 c5
9.Bb2 b6 10.Bd3 cxd4 11.exd4 Bb7 12.O-O Rc8 13.Qb1 h6 14.Qe1 Qc7 15.Qe3 dxc4
16.bxc4 b5 17.cxb5 Nd5 18.Qe1 Nf4 19.Bb1 Nb6 20.a4 Nc4 21.Nxc4 Qxc4 22.Ne5 Nxg2
23.Nxc4 Nxe1 24.Rxe1 Rxc4 25.Bd3 Rc7 26.Rec1 Rd7 27.a5 Bf6 28.Be2 Rfd8 29.Ra4 Bg5  1/2-1/2

[Event "HUN-chT"]
[Site "HUN"]
[Date "1992.??.??"]
[Round "?"]
[White "Kiss, Pal"]
[Black "Eperjesi, Laszlo"]
[Result "1-0"]
[WhiteElo "2410"]
[BlackElo "2340"]

1.d4 Nf6 2.c4 e6 3.Nf3 Bb4+ 4.Nbd2 d5 5.a3 Bd6 6.Qc2 O-O 7.c5 Be7 8.b4 Bd7
9.e3 a6 10.a4 Nc6 11.Rb1 a5 12.b5 Nb4 13.Qb3 Ne4 14.Ba3 b6 15.Bxb4 axb4 16.c6 Nxd2
17.Nxd2 Be8 18.Bd3 Bd6 19.Qc2 f5 20.g3 Qf6 21.h4 e5 22.dxe5 Bxe5 23.Rxb4 Qd6
24.Qb3 Bxg3 25.fxg3 Qxg3+ 26.Kd1 Bf7 27.Qc3 Rae8 28.Kc2 Rxe3 29.Qd4 f4 30.h5 Be6
31.h6 gxh6 32.Rb3 Qg5 33.Rf1 Rg3 34.Re1 Bf7 35.Rf1 Bh5 36.Rb4 f3 37.Qh4 Rg2
38.Qxg5+ hxg5 39.Rd4 g4 40.Rxd5 Bg6 41.Bxg6 hxg6 42.a5 g3 43.axb6 cxb6 44.c7 Rxd2+
45.Rxd2 g2 46.Rxf3  1-0

[Event "HUN-chT"]
[Site "HUN"]
[Date "1992.??.??"]
[Round "?"]
[White "Dovzik, Juri"]
[Black "Magyar, Otto"]
[Result "1-0"]
[WhiteElo "2360"]
[BlackElo "2270"]

1.d4 Nf6 2.c4 e6 3.Nf3 Bb4+ 4.Nbd2 b6 5.a3 Bxd2+ 6.Bxd2 Bb7 7.Bg5 d6 8.e3 Nbd7
9.Be2 h6 10.Bh4 g5 11.Bg3 h5 12.h3 h4 13.Bh2 Rg8 14.Qc2 Qe7 15.O-O-O O-O-O
16.d5 e5 17.Nd2 Kb8 18.Kb1 Rdf8 19.f3 Nh5 20.Bd3 Ng7 21.Rhe1 f5 22.e4 Nc5
23.Bf1 fxe4 24.Nxe4 Nxe4 25.Qxe4 Qf6 26.Ka2 Nf5 27.c5 bxc5 28.b4 c4 29.Qxc4 Nd4
30.Bd3 Qf7 31.Be4 Rc8 32.Bg1 c5 33.Rb1 Ka8 34.b5 Qc7 35.Rb2 Qb6 36.Be3 Rb8
37.a4 Bc8 38.Reb1 Rg7 39.Bd2 Qd8 40.a5 Rgb7 41.a6 Rb6 42.Ka1 Rxb5 43.Rxb5 Rxb5
44.Rxb5 Bxa6 45.Ba5 Qxa5+ 46.Rxa5 Bxc4 47.Kb2 Kb7 48.Ra1 Bb3 49.g3 c4 50.gxh4 gxh4
51.f4 exf4 52.Rf1 Kb6 53.Rxf4 Kc5 54.Rxh4 a5 55.Rh8 a4 56.h4 Ne2 57.h5 Kd4
58.h6 c3+ 59.Ka3 Kxe4 60.h7 Nd4 61.Kb4 c2  1-0

[Event "HUN-chT"]
[Site "HUN"]
[Date "1992.??.??"]
[Round "7"]
[White "Kecskes, Gabor"]
[Black "Kovacs, Laszlo M"]
[Result "0-1"]
[WhiteElo "2215"]
[BlackElo "2350"]

1.d4 Nf6 2.c4 e6 3.Nf3 Bb4+ 4.Nbd2 b6 5.a3 Bxd2+ 6.Qxd2 Bb7 7.g3 d6 8.Bg2 Nbd7
9.O-O a5 10.Qg5 O-O 11.Qh4 Re8 12.Re1 Qe7 13.Bg5 h6 14.Bxf6 Nxf6 15.e4 e5
16.d5 a4 17.Bh3 Ra5 18.Re3 Qf8 19.Bg4 g5 20.Qh3 Qg7 21.Ne1 Nxg4 22.Qxg4 Bc8
23.Qf3 g4 24.Qe2 f5 25.exf5 Bxf5 26.Ng2 Rf8 27.Nh4 Bd7 28.Rf1 Raa8 29.Re4 Rf7
30.Qd3 Raf8 31.Re3 Rf6 32.Qe4 Qg5 33.Rc3 Kg7 34.Re3 R8f7 35.Rc3 h5 36.Re3 Bf5
37.Nxf5+ Qxf5 38.Qxf5 Rxf5 39.Kg2 Rf3 40.Kg1 Kg6 41.Re2 h4 42.gxh4 R7f4 43.Rc1 Kh5
44.Kg2 Kxh4 45.Rcc2 Kg5 46.Re1 Kf5 47.Ree2 Rd4 48.Re1 Kf4 49.Ree2 Rfd3 50.Re1 Rd2
51.Rec1 R4d3 52.Kf1 e4  0-1

[Event "Huy op"]
[Site "Huy"]
[Date "1992.??.??"]
[Round "7"]
[White "Roeder, Mathias"]
[Black "Winants, Luc"]
[Result "1/2-1/2"]
[WhiteElo "2420"]
[BlackElo "2505"]

1.d4 Nf6 2.c4 e6 3.Nf3 Bb4+ 4.Nbd2 b6 5.a3 Bxd2+ 6.Bxd2 Bb7 7.Bg5 d6 8.e3 Nbd7
9.Bh4 Qe7 10.Be2 h6 11.O-O g5 12.Bg3 h5 13.h4 Ne4 14.hxg5 h4 15.Bxh4 O-O-O
16.g3 Nxg5 17.Nxg5 Qxg5 18.f4 Qg6 19.Bd3 f5 20.Kf2 Nf6 21.Ke1 Rdg8 22.Kd2 Be4
23.Rg1 Bxd3 24.Bxf6 Qxf6 25.Kxd3 e5 26.fxe5 dxe5 27.Kc3 Rg4 28.d5 Rhg8 29.Qa4 Kb7
30.Rad1 Rxg3 31.c5 bxc5 32.d6 e4+ 33.Kb3 Qe6+ 34.Kc2 cxd6 35.Qb5+ Kc7 36.Qa5+ Kb7
37.Qb5+ Kc7 38.Qa5+ Kd7 39.Rxg3 Rxg3 40.Qxc5 Rg2+ 41.Kb1 Qf6 42.Qxa7+ Ke6
43.Qb8 Kf7 44.Rc1 Rg7 45.a4 Qe5 46.a5 Qh2 47.a6 Qd2 48.Rc7+ Kf6 49.Qf8+ Ke6
50.Qc8+ Kf6 51.Rc3 Rg2 52.Rb3 Rg1+ 53.Ka2 Qa5+ 54.Ra3 Qd5+ 55.Rb3 Qa5+ 56.Ra3 Qd5+  1/2-1/2

[Event "Hyeres op"]
[Site "Hyeres"]
[Date "1992.??.??"]
[Round "?"]
[White "Solozhenkin, Evgeniy"]
[Black "Garcia Trobat, Francisco"]
[Result "1-0"]
[WhiteElo "2465"]
[BlackElo "2310"]

1.d4 Nf6 2.c4 e6 3.Nf3 Bb4+ 4.Nbd2 b6 5.a3 Bxd2+ 6.Bxd2 Bb7 7.Bg5 h6 8.Bh4 d6
9.e3 Nbd7 10.Nd2 c5 11.dxc5 dxc5 12.Qc2 Qc8 13.f3 Bc6 14.Be2 a5 15.Nb1 Qb7
16.Nc3 g5 17.Bg3 h5 18.h4 gxh4 19.Bxh4 Rg8 20.Bd3 Bxf3 21.gxf3 Qxf3 22.Rf1 Qxe3+
23.Qe2 Ng4 24.Be4 Rb8 25.Bc6 f5 26.Rd1 Qxe2+ 27.Kxe2 Ne5 28.Bb5 Rg4 29.Rh1 Rb7
30.Bf2 Kf8 31.Rxh5 Nf6 32.Rh8+ Kg7 33.Rh4 Rg2 34.Kf1 Rg6 35.Rd6 Nfg4 36.Na4 Nf3
37.Rh1 Ng5 38.Bc6 Rb8 39.Rd7+ Kf6 40.Rb7 Rd8 41.Nxb6 Rd2 42.Nd7+ Kg7 43.Ne5+ Kf6
44.Nxg4+ fxg4 45.Bxc5 Ke5 46.Be3  1-0

[Event "Jyvaskyla op"]
[Site "Jyvaskyla"]
[Date "1992.??.??"]
[Round "2"]
[White "Salo, Heikki"]
[Black "Westerinen, Heikki MJ"]
[Result "0-1"]
[WhiteElo "2240"]
[BlackElo "2430"]

1.d4 Nf6 2.c4 e6 3.Nf3 Bb4+ 4.Nbd2 d5 5.a3 Be7 6.g3 O-O 7.Bg2 a5 8.O-O a4
9.Qc2 c6 10.e4 dxe4 11.Nxe4 Nxe4 12.Qxe4 Nd7 13.Rd1 Nc5 14.Qe2 Nb3 15.Rb1 Bf6
16.Be3 Qa5 17.Re1 Rd8 18.Rbd1 Bd7 19.Ne5 Be8 20.f4 g6 21.Qf2 Qa6 22.c5 Bg7
23.g4 f6 24.Bf1 b5 25.Nf3 Rd5 26.Bg2 Rad8 27.Nd2 R5d7 28.Ne4 f5 29.Nd6 fxg4
30.Qh4 Bf7 31.Be4 Rxd6 32.cxd6 Rxd6 33.Qe7 Bf8 34.Qc7 Qa5 35.Qc8 Nxd4 36.Kf2 Rd8
37.Qb7 c5 38.Bd2 b4 39.axb4 cxb4 40.Be3 Bg7  0-1

[Event "Jyvaskyla op"]
[Site "Jyvaskyla"]
[Date "1992.??.??"]
[Round "5"]
[White "Solozhenkin, Evgeniy"]
[Black "Karner, Hillar"]
[Result "1-0"]
[WhiteElo "2450"]
[BlackElo "2365"]

1.d4 Nf6 2.c4 e6 3.Nf3 Bb4+ 4.Nbd2 Qe7 5.a3 Bxd2+ 6.Bxd2 d6 7.Bg5 e5 8.dxe5 dxe5
9.Qc2 Nc6 10.e3 Bg4 11.Nd2 O-O-O 12.f3 Bh5 13.Ne4 Bg6 14.Bd3 h6 15.Bxf6 gxf6
16.O-O-O f5 17.Nc3 e4 18.fxe4 fxe4 19.Bxe4 Bxe4 20.Qxe4 Qxe4 21.Nxe4 Rde8
22.Nc3 Rxe3 23.Rhf1 Ne5 24.Rd4 Rd8 25.Rh4 Rd6 26.c5 Re6 27.Kd2 Rd3+ 28.Kc2 Re3
29.Ra4 a6 30.Rd1 Rg6 31.Rd2 Nc6 32.Rf4 Re7 33.g3 Rg5 34.b4 Rge5 35.Nd5 Rd7
36.Nf6 Rxd2+ 37.Kxd2 Nd8 38.Rh4 Rf5 39.Rxh6 Rf3 40.a4 a5 41.bxa5 Rf5 42.Ne4 Ne6
43.Rf6 Rxf6 44.Nxf6 Nxc5 45.h4 Kd8 46.h5 Ke7 47.Nd5+ Kd6 48.h6 Ne4+ 49.Kd3 Ng5
50.Nf6 Ke6 51.h7  1-0

[Event "Katerini op"]
[Site "Katerini"]
[Date "1992.??.??"]
[Round "?"]
[White "Grivas, Efstratios"]
[Black "Kindermann, Stefan"]
[Result "1-0"]
[WhiteElo "2465"]
[BlackElo "2505"]

1.d4 Nf6 2.Nf3 e6 3.c4 Bb4+ 4.Nbd2 O-O 5.e3 c5 6.a3 Bxd2+ 7.Qxd2 b6 8.Be2 Bb7
9.O-O d6 10.b4 Nbd7 11.Bb2 Ne4 12.Qd3 f5 13.dxc5 bxc5 14.Nd2 Qe7 15.Rad1 Ng5
16.f4 Nf7 17.e4 Nf6 18.Bf3 fxe4 19.Nxe4 Nxe4 20.Bxe4 Bxe4 21.Qxe4 Rac8 22.b5 Rfe8
23.Rd3 Nh6 24.Rfd1 Rcd8 25.a4 Nf5 26.a5 Qf7 27.Qf3 Qc7 28.Bc3 Nd4 29.Bxd4 cxd4
30.Rxd4 Qxa5 31.h3 Qb6 32.Kh1 h6 33.Qd3 Qc5 34.Qg6 Re7 35.Re4 Rde8 36.Rd3 d5
37.cxd5 Qxb5 38.Rxe6 Rf7 39.Rxe8+ Qxe8 40.d6 Qd7 41.Qe4 Rf8 42.Qd4 Rf6 43.Qc4+ Kh7
44.Rd4 a5 45.Qc2+ Kg8 46.Qc7 Rf7 47.Qxa5 Kh8 48.Qa8+ Kh7 49.Qe4+ Kg8 50.Qd5  1-0

[Event "Katerini op"]
[Site "Katerini"]
[Date "1992.??.??"]
[Round "?"]
[White "Peek, Marcel"]
[Black "Kengis, Edvins"]
[Result "0-1"]
[WhiteElo "2350"]
[BlackElo "2590"]

1.d4 Nf6 2.c4 e6 3.Nf3 Bb4+ 4.Nbd2 b6 5.a3 Bxd2+ 6.Bxd2 Bb7 7.Bg5 h6 8.Bh4 d6
9.e3 Nbd7 10.Rc1 O-O 11.Bd3 Qe8 12.O-O e5 13.Bc2 e4 14.Nd2 Qe6 15.b4 d5 16.Bb3 c6
17.a4 Rac8 18.Qe2 g5 19.Bg3 c5 20.cxd5 Bxd5 21.Bxd5 Nxd5 22.dxc5 bxc5 23.bxc5 Nxc5
24.Rc4 f5 25.Rfc1 Nd3 26.Rxc8 Rxc8 27.Rxc8+ Qxc8 28.h4 Qc1+ 29.Kh2 Nf6 30.f3 Kf7
31.hxg5 hxg5 32.Nxe4 fxe4 33.fxe4 Qc4 34.e5 Nxe5 35.Qd1 Neg4+  0-1

[Event "Kecskemet"]
[Site "Kecskemet"]
[Date "1992.??.??"]
[Round "11"]
[White "Aseev, Konstantin N"]
[Black "Mandl, Robert"]
[Result "1-0"]
[WhiteElo "2560"]
[BlackElo "2415"]

1.d4 Nf6 2.c4 e6 3.Nf3 Bb4+ 4.Nbd2 b6 5.a3 Bxd2+ 6.Bxd2 Bb7 7.Bg5 d6 8.e3 Nbd7
9.Qc2 h6 10.Bh4 g5 11.Bg3 Ne4 12.Nd2 f5 13.Nxe4 Bxe4 14.Qa4 O-O 15.f3 Bb7
16.O-O-O Qe7 17.Qc2 a5 18.Kb1 Qg7 19.Bd3 Rae8 20.Be1 Qg6 21.h4 Re7 22.Rh3 e5
23.hxg5 hxg5 24.Bc3 e4 25.fxe4 Bxe4 26.Rdh1 Bxd3 27.Qxd3 Qe6 28.Rh5 d5 29.Rxg5+ Rg7
30.Rhh5 Rf6 31.g4 c6 32.cxd5 Qxd5 33.gxf5 Nc5 34.Qc2 Ne4 35.Rxg7+ Kxg7 36.Qg2+ Kf8
37.Rh8+ Ke7 38.Rh7+ Ke8 39.Rh8+ Ke7 40.Rh7+ Ke8 41.Qg7 Rf7 42.Qg8+ Ke7 43.Rxf7+ Qxf7
44.Qxf7+ Kxf7 45.Kc2 Nd6 46.f6 Ne4 47.Kd3 Nxf6 48.e4 Nd7 49.a4 Ke6 50.Be1 Nf6
51.Bh4 Nd7 52.Bd8 c5 53.d5+ Kd6 54.Bh4 c4+ 55.Kd4 Nc5 56.e5+ Kd7 57.Kxc4 Nxa4
58.b3  1-0

[Event "Kecskemet"]
[Site "Kecskemet"]
[Date "1992.??.??"]
[Round "13"]
[White "Groszpeter, Attila"]
[Black "Mandl, Robert"]
[Result "1-0"]
[WhiteElo "2495"]
[BlackElo "2415"]

1.d4 Nf6 2.c4 e6 3.Nf3 Bb4+ 4.Nbd2 b6 5.e3 Bb7 6.Bd3 O-O 7.O-O d5 8.a3 Bd6
9.b4 c5 10.bxc5 bxc5 11.cxd5 exd5 12.Rb1 Bc6 13.dxc5 Bxc5 14.Bb2 Ne4 15.Nd4 Ba4
16.Qxa4 Nxd2 17.Bxh7+ Kxh7 18.Qc2+ Ne4 19.f3 Qc8 20.Qd3 Bxd4 21.Bxd4 Qe6
22.fxe4 dxe4 23.Qc3 Rc8 24.Qb2 f6 25.Bxf6 gxf6 26.Rxf6 Qd5 27.Rbf1 Rc7 28.Rh6+ Kxh6
29.Qh8+ Rh7 30.Qf6+ Kh5 31.Rf5+ Qxf5 32.Qxf5+ Kh6 33.Qf6+ Kh5 34.h3 Nd7 35.g4+  1-0

[Event "JUG-ch"]
[Site "Kladovo"]
[Date "1992.??.??"]
[Round "1"]
[White "Mirkovic, Slobodan"]
[Black "Milenkovic, Mladen"]
[Result "1/2-1/2"]
[WhiteElo "2365"]
[BlackElo "2235"]

1.d4 Nf6 2.c4 e6 3.Nf3 Bb4+ 4.Nbd2 O-O 5.a3 Bxd2+ 6.Bxd2 d6 7.g3 c5 8.Bg2 Nc6
9.dxc5 dxc5 10.O-O Qe7 11.e3 e5 12.Qc2 Rd8 13.Bc3 Bg4 14.b3 Rdc8 15.Ng5 h6
16.Ne4 Bf5 17.Nxf6+ Qxf6 18.Qb2 Qg6 19.Rfd1 f6 20.Rd5 Be4 21.Bxe4 Qxe4 22.Rad1 b6
23.Qb1 Qxb1 24.Rxb1 Rd8 25.Rbd1 Kf7 26.Kf1 Ke8 27.Ke2 Ne7 28.Rxd8+ Rxd8 29.Rxd8+ Kxd8
30.Kd3 Kd7 31.f4 exf4 32.gxf4 Ke6 33.e4 g5 34.f5+ Kf7 35.b4 Nc6 36.b5 Ne5+
37.Bxe5 fxe5 38.h4 g4 39.Ke3 h5  1/2-1/2

[Event "JUG-ch"]
[Site "Kladovo"]
[Date "1992.??.??"]
[Round "7"]
[White "Mirkovic, Slobodan"]
[Black "Mijailovic, Zoran"]
[Result "1-0"]
[WhiteElo "2365"]
[BlackElo "2375"]

1.d4 Nf6 2.c4 e6 3.Nf3 Bb4+ 4.Nbd2 b6 5.a3 Bxd2+ 6.Bxd2 Bb7 7.e3 d6 8.Bd3 Nbd7
9.O-O O-O 10.b4 c5 11.Bc3 Qe7 12.bxc5 bxc5 13.Nd2 Rfc8 14.Rb1 Bc6 15.Qe2 d5
16.Rfc1 cxd4 17.Bb4 Qd8 18.exd4 dxc4 19.Nxc4 Bd5 20.Ba5 Qe7 21.Bb4 Qd8 22.Nd6 Rxc1+
23.Rxc1 Ne8 24.Bxh7+ Kxh7 25.Qh5+ Kg8 26.Qxf7+ Kh8 27.Qh5+ Kg8 28.Qf7+ Kh8
29.Rc3 Nef6 30.Rh3+ Nh7 31.Qg6 Nf8 32.Rxh7+ Nxh7 33.Nf7+ Kg8 34.Nh6+ Kh8
35.Nf7+ Kg8 36.Nxd8 Rxd8 37.h4 Nf8 38.Qg5 Rc8 39.h5 Nh7 40.Qg6 Kh8 41.Bd6  1-0

[Event "JUG-ch"]
[Site "Kladovo"]
[Date "1992.??.??"]
[Round "13"]
[White "Brkljaca, Ante"]
[Black "Scekic, Milos"]
[Result "0-1"]
[WhiteElo "2380"]
[BlackElo "2330"]

1.Nf3 Nf6 2.d4 e6 3.c4 Bb4+ 4.Nbd2 b6 5.g3 Bb7 6.Bg2 O-O 7.O-O d5 8.Ne5 Nbd7
9.a3 Bd6 10.Ndf3 c5 11.Bg5 Qc7 12.Nxd7 Nxd7 13.cxd5 exd5 14.dxc5 bxc5 15.e3 a5
16.Bf4 Bxf4 17.gxf4 a4 18.Qc2 h6 19.Rfd1 Rfb8 20.Rac1 Ra6 21.Ne1 Rg6 22.f5 Rg4
23.f4 d4 24.Rxd4 Nf6 25.h3 Rg3 26.Qf2 Nh5 27.Rdc4 Qe7 28.Rxc5 Qh4 29.Rb5 Qxh3
30.Rc7 Rxg2+ 31.Nxg2 Ng3 32.Qxg3 Qxg3 33.Rbxb7 Rd8 34.Rd7 Rc8 35.Rbc7 Rb8
36.Rc2 h5 37.e4 h4 38.Rc3 Qg4 39.Kf1 h3 40.Ne3 Qxf4+ 41.Ke2 Rxb2+ 42.Kd3 Qe5
43.Rd8+ Kh7  0-1

[Event "Leeuwarden op"]
[Site "Leeuwarden"]
[Date "1992.??.??"]
[Round "7"]
[White "Yakovich, Yuri"]
[Black "Schmittdiel, Eckhard"]
[Result "1/2-1/2"]
[WhiteElo "2520"]
[BlackElo "2480"]

1.d4 e6 2.c4 Nf6 3.Nf3 Bb4+ 4.Nbd2 b6 5.a3 Bxd2+ 6.Qxd2 a5 7.b3 Bb7 8.e3 d6
9.Be2 Nbd7 10.Bb2 Qe7 11.O-O O-O 12.Rad1 Ne4 13.Qc1 f5 14.Ne1 e5 15.Nd3 c5
16.f3 Nef6 17.dxe5 dxe5 18.Nf2 Rae8 19.Rd2 f4 20.exf4 exf4 21.Bd1 Ne5 22.Re2 Nfd7
23.Qc3 Qg5 24.Ne4 Bxe4 25.Rxe4 Re6 26.Qd2 Nf6 27.Ree1  1/2-1/2

[Event "Manila ol (Men)"]
[Site "Manila"]
[Date "1992.??.??"]
[Round "?"]
[White "Ftacnik, Lubomir"]
[Black "Gausel, Einar"]
[Result "1-0"]
[WhiteElo "2550"]
[BlackElo "2445"]

1.d4 Nf6 2.c4 e6 3.Nf3 Bb4+ 4.Nbd2 O-O 5.a3 Bxd2+ 6.Qxd2 b6 7.g3 Bb7 8.Bg2 d6
9.O-O Nbd7 10.b3 Qe7 11.Bb2 Ne4 12.Qc2 f5 13.Rad1 Ndf6 14.Ne1 c5 15.f3 Ng5
16.e3 Rac8 17.Rf2 Nf7 18.dxc5 dxc5 19.Rfd2 Rcd8 20.Nd3 e5 21.Nf2 Rxd2 22.Rxd2 Qe6
23.f4 Bxg2 24.Kxg2 Re8 25.Qd1 h6 26.h3 Re7 27.Qf3 Kh7 28.g4 exf4 29.exf4 Kg8
30.Rd1 Kh7 31.Bc3 a5 32.Re1 Qd6 33.Rxe7 Qxe7 34.Qd3 Ne4 35.gxf5 Nxf2 36.Kxf2 Qh4+
37.Kg2 Qxf4 38.f6+ Kg8 39.fxg7 Qg5+ 40.Qg3 Qd8 41.Qf3 Qe8 42.Kf2 a4 43.b4 Nd6
44.Qd5+ Qf7+ 45.Ke2 cxb4 46.axb4 Qxd5 47.cxd5 a3 48.Kd3 a2 49.Kc2 b5 50.Kb3 Ne8
51.Kxa2 Nxg7 52.Bxg7 Kxg7 53.Kb3 Kf6 54.Kc3 Ke5 55.d6 Kxd6 56.Kd4 h5 57.h4 Ke6
58.Kc5 Kf5 59.Kxb5 Kg4 60.Kc5 Kxh4 61.b5  1-0

[Event "Manila ol (Women)"]
[Site "Manila"]
[Date "1992.??.??"]
[Round "?"]
[White "Nutu Gajic, Dana"]
[Black "Prudnikova, Svetlana"]
[Result "0-1"]
[WhiteElo "2325"]
[BlackElo "2265"]

1.d4 Nf6 2.c4 e6 3.Nf3 Bb4+ 4.Nbd2 b6 5.e3 Bb7 6.Bd3 c5 7.O-O cxd4 8.exd4 O-O
9.a3 Be7 10.b4 d6 11.Bb2 Nbd7 12.Re1 Re8 13.Rc1 Bf8 14.Bb1 Rc8 15.Qb3 g6
16.Qe3 Bg7 17.h3 e5 18.dxe5 Nxe5 19.Nxe5 dxe5 20.Nf3 Nd7 21.Be4 Bxe4 22.Qxe4 Qc7
23.Rc2 a5 24.Rd1 axb4 25.axb4 Kh8 26.Qh4 f6 27.Rd5 Nf8 28.c5 Qb7 29.Rd6 bxc5
30.Rxf6 Qxb4 31.g4 c4 32.g5 Qb3 33.Qe4 Qd3 34.Qxd3 cxd3 35.Rxc8 Rxc8 36.Rd6 e4
37.Bxg7+ Kxg7 38.Nd2 Rc1+ 39.Kg2 Re1 40.Rd4 Ne6 41.Rxe4 Re2 42.Rxe2 dxe2
43.Nf3 Nxg5 44.Ne1 Kf6 45.f4 Ne6 46.Kf2 Kf5 47.Nc2 Nxf4 48.Nd4+ Ke5 49.Nxe2 Nxe2
50.Kxe2 Kf4 51.Kf2 h5  0-1

[Event "Manila ol (Men)"]
[Site "Manila"]
[Date "1992.??.??"]
[Round "?"]
[White "Silva, Sebastain"]
[Black "Wohl, Aleksandar H"]
[Result "1/2-1/2"]
[WhiteElo "2355"]
[BlackElo "2280"]

1.d4 Nf6 2.Nf3 e6 3.c4 Bb4+ 4.Nbd2 O-O 5.e3 b6 6.Bd3 Bb7 7.O-O d5 8.a3 Bd6
9.b4 dxc4 10.Nxc4 Nbd7 11.Bb2 Qe7 12.Rc1 Rfc8 13.Nfe5 Bxe5 14.dxe5 Ne8 15.Qg4 a5
16.bxa5 b5 17.Nd2 Rxa5 18.Bc3 Ra4 19.Bb4 c5 20.Bxb5 Rca8 21.Bxa4 Rxa4 22.Qd1 Ra8
23.Bc3 Rxa3 24.Nc4 Ra8 25.f4 Rd8 26.Nd6 Nf8 27.Qg4 Ba8 28.f5 exf5 29.Rxf5 Rxd6
30.Rxf7 Qxf7 31.exd6 Nxd6 32.Be5 Ne4 33.Rf1 Qe7 34.Qc8 Bd5 35.Rf4 h5 36.Qf5 Nd7
37.Bxg7 Kxg7 38.Qxd5 Nef6 39.Qg5+ Kf7 40.Qxh5+ Kf8 41.Qh8+ Kf7 42.Qh7+ Ke6
43.Qxe7+ Kxe7 44.g4 Ne5 45.g5 Nd5 46.Rf5 Ke6 47.e4 Nc3 48.Rf6+ Ke7 49.h4 Nxe4
50.Rf4 Nd2 51.Kg2 c4 52.Rf5 Ke6 53.Rf6+ Ke7 54.Ra6 c3 55.Ra3 c2 56.Rc3 Nd3
57.h5  1/2-1/2

[Event "Manila ol (Men)"]
[Site "Manila"]
[Date "1992.??.??"]
[Round "?"]
[White "Ruzele, Darius"]
[Black "Ilinsky, Vladimir"]
[Result "1-0"]
[WhiteElo "2340"]
[BlackElo "2340"]

1.d4 Nf6 2.c4 e6 3.Nf3 Bb4+ 4.Nbd2 b6 5.a3 Bxd2+ 6.Bxd2 Bb7 7.Bg5 d6 8.e3 Nbd7
9.Bh4 O-O 10.Be2 Qe8 11.O-O Ne4 12.Nd2 f5 13.Nxe4 fxe4 14.Bh5 g6 15.Be2 Nf6
16.Qc2 Qd7 17.Rac1 c5 18.Rfd1 cxd4 19.Rxd4 e5 20.Rd2 Qe6 21.Rcd1 Ne8 22.h3 Kh8
23.Bg4 Qf7 24.Rxd6 Nxd6 25.Rxd6 Qg7 26.Be6 Rae8 27.Qc3 Rf6 28.Bxf6 Qxf6 29.Bd7 Qxd6
30.Bxe8 Kg7 31.b4 Kf6 32.c5 bxc5 33.bxc5 Qd3 34.Qa5 Ba6 35.Kh2 h5 36.Qc7 Qd5
37.Qxa7 Bc8 38.Qb6+ Be6 39.Qd6 Qa2 40.Bd7  1-0

[Event "Mlada Boleslav op"]
[Site "Mlada Boleslav"]
[Date "1992.??.??"]
[Round "2"]
[White "Raetsky, Alexander"]
[Black "Pulkkinen, Kari"]
[Result "1-0"]
[WhiteElo "2460"]
[BlackElo "2265"]

1.d4 Nf6 2.Nf3 e6 3.c4 Bb4+ 4.Nbd2 b6 5.a3 Bxd2+ 6.Qxd2 Bb7 7.b3 O-O 8.Bb2 d6
9.g3 Nbd7 10.Bg2 Qe7 11.O-O e5 12.d5 Ne4 13.Qc2 f5 14.Nh4 g6 15.Bxe4 fxe4
16.Qxe4 Rac8 17.Rad1 c6 18.dxc6 Bxc6 19.Qe3 Nf6 20.f3 Qe6 21.Rd2 Rce8 22.Rfd1 d5
23.cxd5 Nxd5 24.Qg5 e4 25.f4 Ne3 26.Rd6 Nxd1 27.Rxe6 Rxe6 28.f5 Ree8 29.Nxg6 Nxb2
30.Ne5+ Kh8 31.f6  1-0

[Event "Montevideo ITT"]
[Site "Montevideo"]
[Date "1992.??.??"]
[Round "3"]
[White "Del Rey, Diego"]
[Black "Adla, Diego"]
[Result "1/2-1/2"]
[WhiteElo "2270"]
[BlackElo "2435"]

1.d4 Nf6 2.c4 e6 3.Nf3 Bb4+ 4.Nbd2 b6 5.e3 Bb7 6.Bd3 O-O 7.O-O c5 8.dxc5 Bxc5
9.a3 Be7 10.Qe2 d6  1/2-1/2

[Event "Moscow Tal mem"]
[Site "Moscow"]
[Date "1992.??.??"]
[Round "?"]
[White "Petrosian, Arshak B"]
[Black "Kuzmin, Gennadi P"]
[Result "1/2-1/2"]
[WhiteElo "2460"]
[BlackElo "2530"]

1.d4 Nf6 2.c4 e6 3.Nf3 Bb4+ 4.Nbd2 b6 5.a3 Bxd2+ 6.Qxd2 Bb7 7.e3 O-O 8.Be2 Ne4
9.Qd3 d5 10.b3 a5 11.O-O a4 12.b4 Nd7 13.Nd2 Qh4 14.f3 Nef6 15.Bb2 Rfd8 16.Qc3 Qh6
17.Rfe1 c5 18.dxc5 bxc5 19.Nf1 cxb4 20.Qxb4 Rdb8 21.cxd5 Bxd5 22.Qd2 Nc5
23.Rad1 Nb3 24.Qd3 Na5 25.Qd4 Bb3 26.Rd2 Nd5 27.Bc1 Rc8 28.e4 Nc6 29.Qf2 Nf4
30.Bb2 f6 31.Kh1 Rab8 32.Qe3 e5 33.g3 Nxe2 34.Qxh6 gxh6 35.Rdxe2 Bc4 36.Rf2 Bxf1
37.Rexf1 Na5 38.Rd1 Nc4  1/2-1/2

[Event "Alekhine op"]
[Site "Moscow"]
[Date "1992.??.??"]
[Round "?"]
[White "Epishin, Vladimir"]
[Black "Kuzmin, Gennadi P"]
[Result "1-0"]
[WhiteElo "2630"]
[BlackElo "2530"]

1.d4 Nf6 2.c4 e6 3.Nf3 Bb4+ 4.Nbd2 b6 5.a3 Bxd2+ 6.Bxd2 d6 7.Bg5 h6 8.Bh4 Nbd7
9.e3 g5 10.Bg3 Ne4 11.d5 e5 12.Bd3 Ndf6 13.Qc2 Nc5 14.Be2 a5 15.Nd2 Qe7 16.b3 Bd7
17.Rc1 Kf8 18.b4 Nb7 19.Qb2 axb4 20.axb4 c5 21.O-O h5 22.f4 exf4 23.exf4 h4
24.Rce1 hxg3 25.Bd1 Qd8 26.fxg5 Rg8 27.Rxf6 Rxg5 28.Ne4 Re5 29.Ref1 Be8 30.Nxd6 Qxf6
31.Rxf6 Re1+ 32.Rf1 gxh2+ 33.Kxh2 Rxf1 34.Qh8+ Ke7 35.Qe5+ Kf8 36.Be2 f6
37.Qe6 Rf2 38.Nf5  1-0

[Event "Munich"]
[Site "Munich"]
[Date "1992.??.??"]
[Round "9"]
[White "Hansen, Curt"]
[Black "Jussupow, Artur"]
[Result "1/2-1/2"]
[WhiteElo "2620"]
[BlackElo "2655"]

1.d4 Nf6 2.c4 e6 3.Nf3 Bb4+ 4.Nbd2 O-O 5.a3 Be7 6.e4 d5 7.Qc2 dxe4 8.Nxe4 Nc6
9.Bd3 Nxd4 10.Nxd4 Qxd4 11.Nxf6+ Bxf6 12.Bxh7+ Kh8 13.Be4 Bd7 14.Rb1 Bc6
15.Bxc6 bxc6 16.Be3 Qe5 17.O-O Rfb8 18.b4 a5 19.bxa5 Qxa5 20.Qe4 Qxa3 21.Rbd1 Rd8
22.Qxc6 Rxd1 23.Rxd1 Qa4 24.Qf3 c6 25.Qe2 Qa2 26.Qxa2 Rxa2 27.g3 Ra4  1/2-1/2

[Event "NED-chT"]
[Site "NED"]
[Date "1992.??.??"]
[Round "?"]
[White "Grooten, Herman"]
[Black "Bosman, Michiel"]
[Result "1-0"]
[WhiteElo "2430"]
[BlackElo "2285"]

1.d4 Nf6 2.c4 e6 3.Nf3 Bb4+ 4.Nbd2 b6 5.e3 Bb7 6.Bd3 Ne4 7.O-O Bxd2 8.Nxd2 Nxd2
9.Bxd2 f5 10.Qh5+ g6 11.Qh6 Qe7 12.Bc3 Na6 13.c5 Rg8 14.b4 c6 15.Qf4 g5 16.Qe5 Qg7
17.Qd6 Qe7 18.a4 Rc8 19.f3 Nc7 20.e4 f4 21.b5 Kf7 22.Qxe7+ Kxe7 23.Rfb1 Ra8
24.Bc2 Rgb8 25.h4 h6 26.hxg5 hxg5 27.Kf2 Kf7 28.cxb6 axb6 29.d5 exd5 30.Rh1 Rf8
31.Rae1 Ne6 32.exd5 cxd5 33.Rh7+ Ke8 34.Rxe6+ dxe6 35.Rxb7 Kd8 36.Bd4 Kc8
37.Rg7 Rd8 38.Bxb6 Rd7 39.Rxg5 Kb7 40.Bd4 Rc8 41.Bd3 Ra8 42.Bc2 Kc7 43.Be5+ Kb6
44.Rg6 d4 45.Rxe6+ Ka5 46.Bxf4  1-0

[Event "Oberwart op"]
[Site "Oberwart"]
[Date "1992.??.??"]
[Round "3"]
[White "Kummer, Helmut"]
[Black "Polzin, Rainer"]
[Result "0-1"]
[WhiteElo "2235"]
[BlackElo "2325"]

1.d4 Nf6 2.c4 e6 3.Nf3 Bb4+ 4.Nbd2 O-O 5.e3 b6 6.Bd3 Bb7 7.O-O d5 8.b3 Nbd7
9.Bb2 Ne4 10.a3 Be7 11.Qe2 f5 12.Rad1 Qe8 13.Ne1 Bd6 14.f3 Nef6 15.g3 Qh5
16.Nc2 Rae8 17.Qg2 e5 18.cxd5 Bxd5 19.e4 fxe4 20.fxe4 Be6 21.Be2 Bg4 22.Bxg4 Qxg4
23.h3 Qg6 24.d5 Nc5 25.Rde1 Nd3 26.Rb1 Bc5+ 27.Kh1 Nf2+ 28.Rxf2 Bxf2 29.g4 Nxd5
30.Nc4 Nf4 31.Qxf2 Qxe4+ 32.Kh2 Nd3 33.Qe3 Rf2+ 34.Kg3 Qg2+ 35.Kh4 Rf3  0-1

[Event "Olot op"]
[Site "Olot"]
[Date "1992.??.??"]
[Round "8"]
[White "Braga, Fernando"]
[Black "Cuadras, Jorge"]
[Result "1-0"]
[WhiteElo "2405"]
[BlackElo "2320"]

1.d4 Nf6 2.c4 e6 3.Nf3 Bb4+ 4.Nbd2 b6 5.a3 Bxd2+ 6.Qxd2 Bb7 7.e3 O-O 8.b3 Ne4
9.Qc2 f5 10.Bb2 d6 11.Rd1 Nd7 12.d5 e5 13.Be2 a5 14.O-O Qe7 15.b4 axb4 16.axb4 Ra2
17.Bd3 Ng5 18.Nxg5 Qxg5 19.f4 exf4 20.exf4 Qh5 21.Rde1 Rf7 22.Re3 h6 23.Rh3 Qg6
24.Rg3 Qh7 25.Qb1 Ra4 26.Bxg7 Rxg7 27.Bxf5  1-0

[Event "Oostende op"]
[Site "Oostende"]
[Date "1992.??.??"]
[Round "5"]
[White "Lutz, Christopher"]
[Black "Winants, Luc"]
[Result "1-0"]
[WhiteElo "2550"]
[BlackElo "2505"]

1.d4 Nf6 2.c4 e6 3.Nf3 Bb4+ 4.Nbd2 b6 5.a3 Bxd2+ 6.Qxd2 Bb7 7.e3 d6 8.Be2 Nbd7
9.b3 O-O 10.Bb2 Ne4 11.Qc2 f5 12.Rd1 c5 13.O-O Qe7 14.Ne1 Rad8 15.f3 Ng5
16.Nd3 e5 17.Nf2 cxd4 18.exd4 e4 19.fxe4 fxe4 20.d5 Bc8 21.Nh1 Ne5 22.Ng3 Nef3+
23.Kh1 Bg4 24.Nxe4 Nxh2 25.Kxh2 Nxe4 26.Bxg4 Qh4+ 27.Bh3 Qg3+ 28.Kh1 Qe3
29.Qc1 Ng3+ 30.Kh2 Nxf1+ 31.Rxf1 Qxc1 32.Be6+ Kh8 33.Rxf8+ Rxf8 34.Bxc1 Rf1
35.Bg5  1-0

[Event "Oviedo rapid45"]
[Site "Oviedo"]
[Date "1992.??.??"]
[Round "7"]
[White "Damaso, Rui"]
[Black "Chandler, Murray G"]
[Result "1/2-1/2"]
[WhiteElo "2450"]
[BlackElo "2590"]

1.d4 Nf6 2.Nf3 e6 3.c4 Bb4+ 4.Nbd2 d5 5.e3 O-O 6.Bd3 b6 7.O-O Bb7 8.a3 Bxd2
9.Bxd2 Nbd7 10.cxd5 exd5 11.Bf5 Ne4 12.Qa4 Ndf6 13.Rfc1 g6 14.Bh3 c5 15.dxc5 bxc5
16.Bc3 Nxc3 17.Rxc3 Qe7 18.Qh4 Rfe8 19.b4 d4 20.exd4 Bxf3 21.gxf3 cxb4 22.Re3 Qd6
23.axb4 Nd5 24.Rxe8+ Rxe8 25.Rxa7 Re1+ 26.Bf1 Nf4 27.Ra8+ Kg7 28.Qd8 Qxb4
29.Qg8+ Kh6 30.Qf8+ Qxf8 31.Rxf8 f5 32.Rf7 Ne2+ 33.Kg2 Nxd4  1/2-1/2